000 01829nam a22004457a 4500
003 CHAP
005 20220329133449.0
008 971013s1986 r 00010 d
010 _a6664
011 _a7636
035 _a6860
040 _cCHAP
082 _a631.797216
_bA2
100 0 0 _aAboites Aguilar, Luis
_ecomp
_9233
245 _aAgua y tierra en la región del Conchos San Pedro, Chihuahua 1729-1938
_b: fuentes para una historia agraria
260 _aMéxico,D.F :
_bCentro de Investigaciones y Estudios Superiores en Antropología Social,
_c1986
300 _a187 p
490 _aCuadernos de la casa chata
_v; 131
590 _aBATCH-UPD
_b10
_c20130110
_lUCH01
_h0119
590 _aBATCH-UPD
_b10
_c20130110
_lUCH01
_h0837
590 _aBATCH-UPD
_b10
_c20130409
_lUCH01
_h2113
590 _aBATCH-UPD
_b10
_c20130410
_lUCH01
_h0515
590 _aBATCH-UPD
_b10
_c20130914
_lUCH01
_h0313
590 _aCONVERSION
_b10
_c20130109
_lUCH01
_h1305
650 1 4 _aAgua
_xAbastecimiento rural.
_92277
650 1 4 _aIrrigación
_xChihuahua.
_960386
650 1 4 _aIrrigación
_xHistoria.
_960416
650 1 4 _aIrrigación
_xProyectos
_xChihuahua.
_960448
650 1 4 _aRío Conchos.
_999110
650 1 4 _aRío San Pedro.
_999143
650 1 4 _aTierras
_xTenencia
_xChihuahua.
_9113150
710 0 _aSistema Nacional de Riego del Río Conchos.
_9106726
830 0 _aCuadernos de la casa chata
_v; 131
_929795
901 _aBK
942 _cLIBRO
949 _a631.797216 A2
_bBC
_cLIBRO
_d33724000171377
_eLIBRO
_gI.c/e
_h85032
_i6860
_si
_t11.00
949 _a631.797216 A2
_bBC
_cLIBRO
_d33724000171385
_eLIBRO
_fc.2
_gI.c/e
_h85033
_i6860
_si
_t11.00
949 _a631.797216 A2
_bBC
_cLIBRO
_d33724000171393
_eLIBRO
_fc.3
_gI. c/e
_h86291
_i6860
_si
_t6.60
949 _a631.797216 A2
_bBC
_cLIBRO
_d33724000171401
_eLIBRO
_fc.4
_gI. c/e
_h86292
_i6860
_si
_t6.60
999 _c6664
_d6664